Fundamentos teóricos del neoliberalismo: su vinculación con las temáticas sociales y sus efectos en América Latina /

La teoría neoliberal, en auge en América Latina en al década de los noventas, es una de las principales variables para explicar la situación de creciente pobreza en esa región. Por ello se examinan en este artículo los destacados referentes teóricos de esta corriente. Asimismo, se examinan las princ...

पूर्ण विवरण

में बचाया:
ग्रंथसूची विवरण
मुख्य लेखक: Calvento, Mariana
स्वरूप: मूलपाठ
विषय:
टैग: टैग जोड़ें
कोई टैग नहीं, इस रिकॉर्ड को टैग करने वाले पहले व्यक्ति बनें!

MARC

LEADER 00000 a a2200000 04500
001 40852
003
040
100 |a Calvento, Mariana  
245 |a Fundamentos teóricos del neoliberalismo:   |b su vinculación con las temáticas sociales y sus efectos en América Latina /  |c Mariana Calvento  
520 |a La teoría neoliberal, en auge en América Latina en al década de los noventas, es una de las principales variables para explicar la situación de creciente pobreza en esa región. Por ello se examinan en este artículo los destacados referentes teóricos de esta corriente. Asimismo, se examinan las principales características de la profundización de la pobreza en la región.  
590 |a RRA/ENERO2012  
650 |a 1.NEOLIBERALISMO  
650 |a 2.TEORIA ECONOMICA  
650 |a 3.ECONOMIA DE MERCADO  
650 |a 4.POBREZA  
650 |a 5.AMERICA LATINA  
773 |g volumen13, número41 ( , 2006), páginas 41-59 : tablas  
999 |c 34406  |d 34406